[Event "COL-ch U16"]
[Site "Villavicencio"]
[Date "2022.05.14"]
[Round "7"]
[White "Perez Lozano, Edwin Alejandro"]
[Black "Olaya, Horacio"]
[Result "0-1"]
[WhiteElo "1257"]
[BlackElo "1489"]
[PlyCount "78"]
[EventDate "2022.05.11"]
[EventType "swiss"]
[EventRounds "9"]
[EventCountry "COL"]
[SourceTitle "CBM 208 Extra"]
[Source "ChessBase"]
[SourceDate "2022.07.31"]
[SourceVersion "1"]
[SourceVersionDate "2022.07.31"]
[SourceQuality "1"]

1. e4 e5 2. Nf3 Nc6 3. Bc4 Bc5 4. c3 Nf6 5. d4 exd4 6. cxd4 Bb4+ 7. Bd2 Bxd2+ 8. Nbxd2 d5 9. exd5 Nxd5 10. 0-0 0-0 11. Rc1 Bg4 12. h3 Bh5 13. Re1 Nb6 14. Be2 Re8 15. Bb5 Rxe1+ 16. Qxe1 Nxd4 17. Nxd4 Qxd4 18. Rxc7 Qxb2 19. Bd3 Nd5 20. Bxh7+ Kxh7 21. Qe4+ Bg6 22. Qxd5 Qa1+ 23. Kh2 Qf6 24. Kg1 Rd8 25. Rd7 Rxd7 26. Qxd7 Qa1+ 27. Kh2 Qxa2 28. Kg3 Qe6 29. Qd4 Qf6 30. Qxa7 Qd6+ 31. Kf3 Qxd2 32. Qa4 Qd3+ 33. Kf4 b5 34. Qb4 Qc4+ 35. Qxc4 bxc4 36. Ke3 Bd3 37. g4 Kg6 38. f4 f5 39. Kd2 Bf1 0-1

[Event "COL-ch U16"]
[Site "Villavicencio"]
[Date "2022.05.13"]
[Round "4"]
[White "Zarabanda Rojas, Daniel Santiago"]
[Black "Perez Lozano, Edwin Alejandro"]
[Result "1/2-1/2"]
[WhiteElo "1527"]
[BlackElo "1257"]
[PlyCount "90"]
[EventDate "2022.05.11"]
[EventType "swiss"]
[EventRounds "9"]
[EventCountry "COL"]
[SourceTitle "CBM 208 Extra"]
[Source "ChessBase"]
[SourceDate "2022.07.31"]
[SourceVersion "1"]
[SourceVersionDate "2022.07.31"]
[SourceQuality "1"]

1. d4 d5 2. c4 e6 3. g3 Nf6 4. Bg2 c5 5. Nf3 Nc6 6. 0-0 b6 7. b3 Bb7 8. Bb2 cxd4 9. Nxd4 Nxd4 10. Qxd4 Bc5 11. Qd2 Rb8 12. Be5 Rc8 13. Rd1 0-0 14. Qb2 Be7 15. Nc3 Qd7 16. Ne4 Qd8 17. Nxf6+ Bxf6 18. Rac1 Bxe5 19. Qxe5 Qf6 20. Qxf6 gxf6 21. Rd2 Rfd8 22. Rcd1 Rc5 23. e4 Kf8 24. exd5 exd5 25. Bxd5 Bxd5 26. Rxd5 Rcxd5 27. Rxd5 Rxd5 28. cxd5 Ke7 29. f4 Kd6 30. Kf2 Kxd5 31. Ke3 f5 32. h3 Kc5 33. a3 a5 34. g4 fxg4 35. hxg4 b5 36. Ke4 a4 37. bxa4 bxa4 38. Ke5 Kc4 39. Kf6 Kb3 40. Kxf7 Kxa3 41. Kg7 Kb4 42. f5 a3 43. f6 a2 44. f7 a1Q+ 45. Kxh7 Qf6 1/2-1/2